Normal view
MARC view
- Project Supervisor: Dr. Shahzor Ahmad Dr. Fahad Mumtaz Malik
Entry Personal Name
001 - CONTROL NUMBER
- control field: 73029
003 - CONTROL NUMBER IDENTIFIER
- control field: NUST
005 - DATE AND TIME OF LATEST TRANSACTION
- control field: 20210628204945.0
008 - FIXED-LENGTH DATA ELEMENTS
- fixed length control field: 210628|| aca||aabn | a|a d
040 ## - CATALOGING SOURCE
- Original cataloging agency: NUST
- Transcribing agency: NUST
100 ## - HEADING--PERSONAL NAME
- Personal name: Project Supervisor: Dr. Shahzor Ahmad Dr. Fahad Mumtaz Malik
670 ## - SOURCE DATA FOUND
- Source citation: Work cat.: (NUST): NC Israr Zulfiqar NC Muhammad Hamza Zaid NC Samama Moud 73028, PR-SOF-1904-Visual SLAM for Indoor Robot Navigation, 2020
